Indian pageant. (Record no. 411762)

000 -LEADER
fixed length control field 00324cam a22001217a 4500
008 - FIXED-LENGTH DATA ELEMENTS--GENERAL INFORMATION
fixed length control field 180718b1943 xxu||||| |||| 00| 0 eng d
082 ## - DEWEY DECIMAL CLASSIFICATION NUMBER
Classification number A6x54 Y34
100 ## - MAIN ENTRY--PERSONAL NAME
Personal name Yeats- Brown, F.
245 ## - TITLE STATEMENT
Title Indian pageant.
Statement of responsibility, etc. by F. Yeats- Brown
260 ## - PUBLICATION, DISTRIBUTION, ETC.
Place of publication, distribution, etc. London
Name of publisher, distributor, etc. Right Book Club.
Date of publication, distribution, etc. 1943
300 ## - PHYSICAL DESCRIPTION
Extent ix, 192p
650 ## - SUBJECT ADDED ENTRY--TOPICAL TERM
Topical term or geographic name entry element India -History.
Holdings
Withdrawn status Lost status Damaged status Not for loan Permanent Location Current Location Date acquired Full call number Barcode Date last seen Price effective from Koha item type
        Indian Institute of Public Administration Indian Institute of Public Administration 2009-02-02 A6x54 Y34 24594 2018-07-21 2018-07-21 Book

Powered by Koha